[Event "Hoogeveen open"]
[Site "Hoogeveen, Netherlands"]
[Date "2008.10.21"]
[Round "5"]
[White "Afek, Yochanan"]
[Black "Goudriaan, Etienne"]
[Result "1-0"]
[WhiteElo "2319"]
[BlackElo "2088"]
[PlyCount "193"]
[EventDate "2008.??.??"]

1. e4 e6 2. d4 d5 3. e5 c5 4. c3 Nc6 5. Nf3 Bd7 6. a3 f6 7. Bd3 Qc7 8. Bf4 c4
9. Bc2 O-O-O 10. Bg3 f5 11. Nbd2 Be8 12. h4 Bh5 13. Qb1 Bxf3 14. Nxf3 Nh6 15.
Bf4 Nf7 16. Kd2 g6 17. Ke2 Kb8 18. Qc1 h6 19. Rh3 Be7 20. Qd2 Qb6 21. Rhh1 Rdg8
22. Rab1 Qd8 23. g3 g5 24. Be3 f4 25. gxf4 g4 26. Ne1 Bxh4 27. Ng2 Be7 28. Rh5
Qf8 29. Rbh1 Bd8 30. f5 exf5 31. Bf4 Ng5 32. Ne3 Nf3 33. Qc1 Rg5 34. Nxd5 Ka8
35. Bxg5 Bxg5 36. Nc7+ Kb8 37. Ne6 Bxc1 38. Nxf8 Bxb2 39. Ng6 Rg8 40. d5 Ncxe5
41. Nxe5 Re8 42. Bxf5 Rxe5+ 43. Kf1 Nd2+ 44. Kg2 Rxd5 45. Bxg4 Rg5 46. Rxg5
hxg5 47. Rh8+ Kc7 48. Rh7+ Kc6 49. Bd7+ Kc5 50. Bc8 b5 51. Rh5 Ne4 52. f4 Bxc3
53. fxg5 Nd6 54. Be6 a5 55. g6+ Kb6 56. Rh7 Ne8 57. a4 Ng7 58. Bf7 bxa4 59.
Bxc4 Kc5 60. Bf7 Kd6 61. Kf3 Ke7 62. Ke4 a3 63. Kd3 Be5 64. Rh4 Kf6 65. Ra4 Bb2
66. Rxa5 Ke7 67. Ke4 Kf6 68. Ra6+ Ke7 69. Kf4 Bc1+ 70. Kg4 Bb2 71. Rc6 Bf6 72.
Rc7+ Kd6 73. Ra7 Bb2 74. Kg5 Bc1+ 75. Kg4 Bb2 76. Ba2 Ne8 77. Kh5 Ng7+ 78. Kh6
Ne8 79. Rb7 Ba1 80. Ra7 Bb2 81. Bb3 Bc1+ 82. Kh7 Bb2 83. Ba2 Kc6 84. Bb3 Kd6
85. Kg8 Nf6+ 86. Kf7 Nh5 87. Ra5 Ng7 88. Ba2 Kc7 89. Ra8 Kd6 90. Rd8+ Kc7 91.
Rd1 Kc6 92. Rh1 Kd7 93. Rh7 Ne8 94. Kf8+ Kd8 95. Ra7 Nc7 96. g7 Ne6+ 97. Bxe6
1-0

[Event "Hoogeveen open"]
[Site "Hoogeveen, Netherlands"]
[Date "2008.10.21"]
[Round "5"]
[White "Grover, Sahaj"]
[Black "Sparenberg, Erik"]
[Result "1/2-1/2"]
[WhiteElo "2313"]
[BlackElo "2041"]
[PlyCount "122"]
[EventDate "2008.??.??"]

1. e4 c5 2. Nf3 d6 3. d4 cxd4 4. Nxd4 Nf6 5. Nc3 e5 6. Bb5+ Nbd7 7. Nf5 a6 8.
Bxd7+ Qxd7 9. Qf3 d5 10. Qg3 Qe6 11. Bg5 Nxe4 12. Nxe4 Qxf5 13. Nc3 f6 14. Be3
Be6 15. Ne2 d4 16. Bd2 Qxc2 17. Rc1 Qxb2 18. Rc7 Qb6 19. Rc1 Bxa2 20. O-O Bd5
21. Rb1 Qc7 22. Nxd4 Qd7 23. Rfe1 Be7 24. Nb3 Bxb3 25. Qxb3 Qxd2 26. Red1 Qa5
27. Qe6 Rd8 28. Rxd8+ Qxd8 29. Rc1 Rf8 30. Rc8 b5 31. Rxd8+ Kxd8 32. Qxa6 b4
33. Qb7 g6 34. g3 Ke8 35. Qd5 Rf7 36. Qa8+ Kd7 37. Qb7+ Ke6 38. Qc8+ Kd6 39.
Qc4 Rf8 40. Qxb4+ Ke6 41. Qc4+ Kd7 42. Qh4 Rf7 43. Qa4+ Kd8 44. Qc6 f5 45. Qd5+
Ke8 46. Qxe5 Rf6 47. Qd5 Kf8 48. Kg2 Kg7 49. h4 h5 50. Kf3 Rf7 51. Kf4 Bf6 52.
Ke3 Re7+ 53. Kd3 Re1 54. Qd7+ Re7 55. Qc6 Re4 56. f3 Re5 57. Qd7+ Re7 58. Qc8
Re5 59. Kc4 Re3 60. Qd7+ Re7 61. Qd3 Re5 1/2-1/2

[Event "Hoogeveen open"]
[Site "Hoogeveen, Netherlands"]
[Date "2008.10.21"]
[Round "5"]
[White "Mostertman, Milan"]
[Black "Prasanna, Rao"]
[Result "0-1"]
[WhiteElo "2044"]
[BlackElo "2311"]
[PlyCount "96"]
[EventDate "2008.??.??"]

1. e4 e5 2. Nf3 Nc6 3. d4 exd4 4. Bc4 Nf6 5. O-O Nxe4 6. Re1 d5 7. Bxd5 Qxd5 8.
Nc3 Qa5 9. Nxe4 Be6 10. Bd2 Qb6 11. Neg5 O-O-O 12. Nxe6 fxe6 13. Ng5 Re8 14.
Nxe6 Bd6 15. Qg4 Kb8 16. Nxg7 Reg8 17. Qe4 Ne5 18. Bf4 Nf7 19. Nf5 Bxf4 20.
Qxf4 Qf6 21. Qe4 Ng5 22. Qd3 h5 23. c3 dxc3 24. bxc3 Rf8 25. Re2 Ne6 26. Qe3
Ng5 27. Nd4 Rhg8 28. Rae1 a6 29. Kh1 h4 30. Qd3 h3 31. g3 c5 32. f4 cxd4 33.
cxd4 Nf7 34. Re7 Nd6 35. R1e6 Qf5 36. Qb3 Re8 37. Rxe8+ Rxe8 38. Rxe8+ Nxe8 39.
Kg1 Qe4 40. Kf2 Nf6 41. Qf3 Qxd4+ 42. Ke2 Qb2+ 43. Ke3 Qa3+ 44. Kf2 Qxa2+ 45.
Ke3 Qb3+ 46. Kf2 Qc2+ 47. Ke3 Qxh2 48. g4 Qg1+ 0-1

[Event "Hoogeveen open"]
[Site "Hoogeveen, Netherlands"]
[Date "2008.10.21"]
[Round "5"]
[White "Groenewold, Jan Joris"]
[Black "Kuipers, Stefan"]
[Result "0-1"]
[WhiteElo "2106"]
[BlackElo "2292"]
[PlyCount "134"]
[EventDate "2008.??.??"]

1. d4 d5 2. Nf3 Nf6 3. c4 c6 4. Qc2 dxc4 5. Qxc4 b5 6. Qb3 e6 7. g3 Bb7 8. Bg2
Nbd7 9. O-O a6 10. Rd1 c5 11. Nc3 c4 12. Qc2 Be7 13. e4 b4 14. e5 bxc3 15. exf6
Bxf6 16. bxc3 Qa5 17. Rb1 Bc6 18. Nd2 Bxg2 19. Kxg2 O-O 20. f3 Nb6 21. Ne4 Nd5
22. Bd2 Rfb8 23. Rxb8+ Rxb8 24. Rb1 Rxb1 25. Qxb1 Qb5 26. Qxb5 axb5 27. Kf1 Be7
28. Ke2 Kf8 29. Kd1 Ke8 30. Kc2 Kd7 31. Be1 f5 32. Nf2 h5 33. Nd1 Bd6 34. Bf2
h4 35. Nb2 Nb6 36. Nd1 hxg3 37. hxg3 Nd5 38. Nb2 Ba3 39. Nd1 Ke7 40. Ne3 Nb6
41. g4 Kf6 42. gxf5 exf5 43. Bg3 Ke6 44. Bh4 Bd6 45. Bg5 Nd5 46. Nxd5 Kxd5 47.
Kd2 Ke6 48. Ke2 Kf7 49. Bd8 Bf4 50. Bb6 Ke6 51. Bc5 g5 52. Bb4 Kd5 53. Kf2 g4
54. Kg2 Bc7 55. a3 Bb8 56. Kf2 Bc7 57. Kg2 Ke6 58. Bc5 Kf6 59. Kf2 Bb8 60. Kg2
Kg5 61. Be7+ Kf4 62. fxg4 fxg4 63. Bh4 Ke4 64. Bg3 Ba7 65. Bf2 Bb6 66. Kg3 Kf5
67. Kg2 Bd8 {Time} 0-1

[Event "Hoogeveen open"]
[Site "Hoogeveen, Netherlands"]
[Date "2008.10.21"]
[Round "5"]
[White "Bitalzadeh, Ali"]
[Black "Jellema, Yme Jan"]
[Result "1/2-1/2"]
[WhiteElo "2370"]
[BlackElo "2129"]
[PlyCount "94"]
[EventDate "2008.??.??"]

1. e4 c6 2. d4 d5 3. e5 Bf5 4. h4 Na6 5. Ne2 Nb4 6. Na3 Qa5 7. Nc3 h5 8. Be2 e6
9. Kf1 Bg6 10. Qd2 a6 11. Nd1 c5 12. dxc5 Qxc5 13. c3 Nc6 14. b4 Qb6 15. Qf4
Qc7 16. b5 Nxe5 17. bxa6 bxa6 18. c4 Bd6 19. cxd5 exd5 20. Rh3 Nf6 21. Rc3 Qd7
22. Qd4 O-O 23. Bf4 Nc6 24. Qa4 Bxf4 25. Qxf4 Ne4 26. Rd3 Nb4 27. Rb3 a5 28. g4
hxg4 29. Bxg4 Qe7 30. h5 Bh7 31. Rh3 Ra6 32. Nb5 Qc5 33. Nbc3 Rf6 34. Nxe4 Qc4+
35. Be2 Qxe4 36. Qxe4 Bxe4 37. a3 Nc2 38. Rc1 Kh7 39. Nc3 Bf5 40. Bd3 Nd4 41.
Nxd5 Kh6 42. Bxf5 Rxf5 43. Ne3 Rb5 44. Rc4 Nf5 45. Rc6+ f6 46. Nxf5+ Rxf5 47.
Rc7 Rb8 1/2-1/2

[Event "Hoogeveen open"]
[Site "Hoogeveen, Netherlands"]
[Date "2008.10.21"]
[Round "5"]
[White "Dal Borgo, Albin"]
[Black "Humphrey, Jonathan"]
[Result "1/2-1/2"]
[WhiteElo "2210"]
[BlackElo "2330"]
[PlyCount "25"]
[EventDate "2008.??.??"]

1. d4 Nf6 2. Bg5 e6 3. Nf3 c5 4. c3 d5 5. e3 Nbd7 6. Nbd2 Be7 7. Bd3 b6 8. Ne5
Nxe5 9. dxe5 Nd7 10. Bxe7 Qxe7 11. f4 Bb7 12. Qe2 O-O-O 13. O-O 1/2-1/2

[Event "Hoogeveen open"]
[Site "Hoogeveen, Netherlands"]
[Date "2008.10.21"]
[Round "5"]
[White "Ten Vergert, Paul"]
[Black "Miedema, Roi"]
[Result "0-1"]
[WhiteElo "1980"]
[BlackElo "2307"]
[PlyCount "84"]
[EventDate "2008.??.??"]

1. e4 e5 2. Nf3 Nf6 3. Nxe5 d6 4. Nf3 Nxe4 5. d4 d5 6. Bd3 Bd6 7. O-O O-O 8.
Re1 Re8 9. Nbd2 Bf5 10. Ne5 Nc6 11. Nxe4 dxe4 12. Nxc6 bxc6 13. Bc4 c5 14. dxc5
Bxc5 15. Qxd8 Raxd8 16. c3 h6 17. b4 Bb6 18. a4 a5 19. Be3 Bd7 20. Red1 Bc6 21.
Kf1 Rxd1+ 22. Rxd1 axb4 23. Bxb6 cxb6 24. cxb4 Bxa4 25. Rd6 Rc8 26. Bd5 Rc1+
27. Ke2 b5 28. Rd7 g5 29. Rxf7 Rd1 30. Rd7+ Kf8 31. Bc6 Rc1 32. Rd6 Rc2+ 33.
Ke3 Rc4 34. Bxe4 Rxb4 35. Rxh6 Rb3+ 36. Kd4 Rb2 37. Rg6 Rb4+ 38. Kd5 Rxe4 39.
Rxg5 Rc4 40. Rg3 Bd1 41. Rd3 Rc8 42. Kd4 b4 0-1

[Event "Hoogeveen open"]
[Site "Hoogeveen, Netherlands"]
[Date "2008.10.21"]
[Round "5"]
[White "Wempe, Joost"]
[Black "Hendriks, Richard"]
[Result "1/2-1/2"]
[WhiteElo "2291"]
[BlackElo "2116"]
[PlyCount "97"]
[EventDate "2008.??.??"]

1. d4 d5 2. c4 dxc4 3. e4 e5 4. Nf3 exd4 5. Bxc4 Nc6 6. O-O Be6 7. Bxe6 fxe6 8.
Qb3 Qd7 9. Qxb7 Rb8 10. Qa6 Nf6 11. Nbd2 Bd6 12. Re1 Ng4 13. h3 Nge5 14. Nxe5
Bxe5 15. Nb3 O-O 16. Nc5 Qd6 17. Nd3 Nb4 18. Qxd6 Bxd6 19. Nxb4 Bxb4 20. Rd1 c5
21. Bd2 c4 22. Rac1 Bd6 23. Rxc4 Rxb2 24. Rc6 Rb6 25. Rxd6 Rxd6 26. Bb4 Ra6 27.
Bxf8 Kxf8 28. Rxd4 Rxa2 29. Rd7 a5 30. Ra7 a4 31. h4 a3 32. f3 h5 33. Kh2 Ra1
34. e5 Re1 35. Rxa3 Rxe5 36. Ra7 Rf5 37. Kg3 Kg8 38. Re7 Rf6 39. f4 Kf8 40. Ra7
Rf5 41. Kf3 e5 42. g3 exf4 43. Ke4 Rb5 44. gxf4 Rc5 45. Rd7 Ra5 46. Rd5 Rxd5
47. Kxd5 Kf7 48. Ke5 g6 49. f5 1/2-1/2

[Event "Hoogeveen open"]
[Site "Hoogeveen, Netherlands"]
[Date "2008.10.21"]
[Round "5"]
[White "Algra, Jouke"]
[Black "Lammens, Tim"]
[Result "0-1"]
[WhiteElo "2113"]
[BlackElo "2288"]
[PlyCount "76"]
[EventDate "2008.??.??"]

1. d4 Nf6 2. c4 g6 3. Nf3 Bg7 4. g3 O-O 5. Bg2 d6 6. O-O c6 7. Nc3 Qb6 8. e4
Bg4 9. Qd3 Nfd7 10. Be3 c5 11. Nd5 Qd8 12. dxc5 dxc5 13. Qb3 b6 14. h3 Bxf3 15.
Bxf3 Nc6 16. Bg2 e6 17. Nc3 Nde5 18. Rfd1 Qe7 19. Qa4 Na5 20. Bf1 h5 21. Be2 h4
22. f4 Nec6 23. g4 Bd4 24. Kf2 Qc7 25. Kf3 g5 26. Nb5 Ne5+ 27. Kg2 Qc6 28. Qc2
Nexc4 29. Bxd4 cxd4 30. Nxd4 Ne3+ 31. Kf3 Nxc2 32. Nxc6 Nxc6 33. Rac1 N2d4+ 34.
Kf2 gxf4 35. Ba6 Rad8 36. Bb7 Ne5 37. g5 Ndf3 38. g6 fxg6 0-1

[Event "Hoogeveen open"]
[Site "Hoogeveen, Netherlands"]
[Date "2008.10.21"]
[Round "5"]
[White "Van Kooten, Luuk"]
[Black "Haitsma, Anne"]
[Result "1-0"]
[WhiteElo "2263"]
[BlackElo "2107"]
[PlyCount "69"]
[EventDate "2008.??.??"]

1. d4 Nf6 2. c4 e6 3. Nc3 Bb4 4. e3 O-O 5. Bd3 d5 6. Nge2 c5 7. cxd5 cxd4 8.
exd4 Nxd5 9. O-O Nc6 10. Bc2 Be7 11. Qd3 g6 12. Nxd5 exd5 13. Qf3 Bf6 14. Be3
Nb4 15. Bb1 b6 16. a3 Na6 17. Ba2 Bb7 18. Rac1 Bg7 19. Nf4 Nc7 20. Rfd1 Rc8 21.
Rc3 Qd7 22. h4 Nb5 23. Rxc8 Rxc8 24. Bxd5 Bxd5 25. Nxd5 Nc7 26. Nc3 h5 27. Qb7
Rd8 28. Qxa7 Qc6 29. Qa4 b5 30. Qb3 Bf6 31. d5 Qc4 32. Qxc4 bxc4 33. Bg5 Kg7
34. Bxf6+ Kxf6 35. Rd4 1-0

[Event "Hoogeveen open"]
[Site "Hoogeveen, Netherlands"]
[Date "2008.10.21"]
[Round "5"]
[White "Ducarmon, Quinten"]
[Black "Clemens, Adrian"]
[Result "1-0"]
[WhiteElo "2083"]
[BlackElo "2261"]
[PlyCount "43"]
[EventDate "2008.??.??"]

1. e4 e5 2. Nf3 d6 3. d4 exd4 4. Nxd4 Nf6 5. Nc3 Be7 6. g3 d5 7. e5 Ng4 8. Bg2
c6 9. f4 Qb6 10. h3 Nh6 11. O-O Nf5 12. Nce2 f6 13. Kh2 fxe5 14. Nxf5 Bxf5 15.
fxe5 O-O 16. Nd4 Bg6 17. Rxf8+ Bxf8 18. Qg4 Nd7 19. Qe6+ Kh8 20. Qxd7 Qxd4 21.
Qxb7 Qf2 22. Be3 1-0

[Event "Hoogeveen open"]
[Site "Hoogeveen, Netherlands"]
[Date "2008.10.21"]
[Round "5"]
[White "Hovenga, Alje"]
[Black "Haast, Anne"]
[Result "0-1"]
[WhiteElo "2253"]
[BlackElo "2054"]
[PlyCount "98"]
[EventDate "2008.??.??"]

1. d4 Nf6 2. c4 g6 3. Nc3 Bg7 4. e4 d6 5. Nf3 O-O 6. Be2 e5 7. O-O Nc6 8. d5
Ne7 9. Ne1 Nd7 10. f3 f5 11. Be3 f4 12. Bf2 g5 13. Rc1 Nf6 14. c5 Ng6 15. a4
Rf7 16. cxd6 cxd6 17. a5 Bf8 18. Nb5 g4 19. Nxa7 Bd7 20. Bb6 Qe8 21. fxg4 Nxe4
22. Bd3 Nc5 23. Bxg6 hxg6 24. b4 Na4 25. Qc2 e4 26. Bd4 Bxg4 27. Nc6 bxc6 28.
Qxa4 c5 29. Qxe8 Rxe8 30. Bc3 cxb4 31. Bxb4 Re5 32. a6 g5 33. h4 Be2 34. a7
Rxa7 35. Rf2 Bh5 36. hxg5 Rf7 37. Rc4 Bg6 38. Rd2 Rxg5 39. Kf1 Rh7 40. Ra2 Rh1+
41. Kf2 Rxd5 42. Ra8 Bf5 43. Rc6 Bg4 44. g3 e3+ 45. Kg2 Rxe1 46. gxf4 Rd2+ 47.
Kg3 Rg1+ 48. Kh4 Rh2+ 49. Kg5 Be6+ 0-1

[Event "Hoogeveen open"]
[Site "Hoogeveen, Netherlands"]
[Date "2008.10.21"]
[Round "5"]
[White "Meurs, Tom"]
[Black "Grooten, Herman"]
[Result "1-0"]
[WhiteElo "2110"]
[BlackElo "2376"]
[PlyCount "61"]
[EventDate "2008.??.??"]

1. e4 c6 2. d4 d5 3. Nd2 dxe4 4. Nxe4 Bf5 5. Ng3 Bg6 6. h4 h6 7. Nf3 Nd7 8. h5
Bh7 9. Bd3 Bxd3 10. Qxd3 e6 11. Bd2 Ngf6 12. O-O-O Be7 13. Qe2 O-O 14. Nf1 c5
15. g4 cxd4 16. g5 hxg5 17. Bxg5 Qa5 18. Kb1 Nc5 19. Rxd4 Rfd8 20. Rdh4 Qa6 21.
c4 Nd3 22. h6 g6 23. h7+ Kh8 24. Ne5 Rd5 25. Nxf7+ Kg7 26. cxd5 Nxd5 27. h8=Q+
Rxh8 28. Rxh8 Bxg5 29. Nxg5 N5f4 30. R1h7+ Kf6 31. Ne4+ 1-0

[Event "Hoogeveen open"]
[Site "Hoogeveen, Netherlands"]
[Date "2008.10.21"]
[Round "5"]
[White "De Jong, Migchiel"]
[Black "Akotchik, Viktor"]
[Result "1-0"]
[WhiteElo "2349"]
[BlackElo "2128"]
[PlyCount "83"]
[EventDate "2008.??.??"]

1. e4 d5 2. exd5 Nf6 3. Nf3 Nxd5 4. d4 g6 5. c4 Nb6 6. c5 Nd5 7. Bc4 Bg7 8. Nc3
c6 9. O-O Be6 10. Bb3 O-O 11. Re1 Na6 12. Bg5 Nac7 13. Qd2 Re8 14. Bh4 Qd7 15.
Ne5 Qc8 16. Bg3 Rd8 17. Ne4 Bf5 18. Re2 Ne6 19. Rae1 h6 20. Nc3 b6 21. Nxd5
cxd5 22. c6 a6 23. c7 Nxc7 24. Nxf7 e6 25. Nxh6+ Bxh6 26. Qxh6 Rd7 27. Rc1 Qd8
28. Be5 Rh7 29. Qf4 Ne8 30. g4 Rh4 31. f3 Ra7 32. Qe3 Be4 33. fxe4 Rxg4+ 34.
Rg2 Rxg2+ 35. Kxg2 Qh4 36. exd5 Rf7 37. dxe6 Rf5 38. Rc8 Qe7 39. Qh6 Rg5+ 40.
Kh1 Rxe5 41. Rxe8+ Qxe8 42. e7+ 1-0

[Event "Hoogeveen open"]
[Site "Hoogeveen, Netherlands"]
[Date "2008.10.21"]
[Round "5"]
[White "Van der Veen, Jan"]
[Black "Rademakers, Evert"]
[Result "1-0"]
[WhiteElo "2114"]
[BlackElo "2151"]
[PlyCount "99"]
[EventDate "2008.??.??"]

1. Nf3 Nf6 2. c4 g6 3. g3 Bg7 4. Bg2 O-O 5. O-O d6 6. Nc3 Nc6 7. d3 e5 8. Bg5
h6 9. Bxf6 Bxf6 10. Rb1 a5 11. a3 Bg7 12. b4 axb4 13. axb4 f5 14. b5 Ne7 15.
Qc2 f4 16. Nd5 Nf5 17. e4 Ne7 18. Ra1 Rb8 19. Rfb1 Bg4 20. Ne1 f3 21. Bf1 Nxd5
22. cxd5 Qd7 23. Ra7 Bh3 24. Bxh3 Qxh3 25. Qxc7 h5 26. Qxd6 Kh7 27. Qe6 Qxe6
28. dxe6 Rf6 29. Rc1 Rxe6 30. Nxf3 Rb6 31. Rc5 Rd8 32. Nxe5 Re6 33. Rxb7 Kg8
34. f4 Red6 35. Rcc7 Bxe5 36. fxe5 Rxd3 37. Rg7+ Kh8 38. Rh7+ Kg8 39. Rhg7+ Kh8
40. Rxg6 h4 41. Rh6+ Kg8 42. Rd6 R3xd6 43. exd6 Rxd6 44. gxh4 Re6 45. Rc7 Kf8
46. Rc4 Ke7 47. Rb4 Rb6 48. Kf2 Kd6 49. Ke3 Kc5 50. Rb1 1-0

[Event "Hoogeveen open"]
[Site "Hoogeveen, Netherlands"]
[Date "2008.10.21"]
[Round "5"]
[White "Van der Leest, Bert"]
[Black "Mellema, Andries"]
[Result "0-1"]
[WhiteElo "2146"]
[BlackElo "2097"]
[PlyCount "67"]
[EventDate "2008.??.??"]

1. e4 e6 2. d4 d5 3. Nc3 Bb4 4. e5 c5 5. a3 Bxc3+ 6. bxc3 Ne7 7. Nf3 b6 8. a4
Qc7 9. Bb5+ Bd7 10. O-O Bxb5 11. axb5 O-O 12. dxc5 bxc5 13. c4 Nd7 14. cxd5
exd5 15. Qe2 Ng6 16. e6 Nf6 17. Ng5 fxe6 18. Ra6 Rfe8 19. Nxe6 Qd7 20. f4 c4
21. Rc6 a6 22. f5 axb5 23. Rb6 Nf8 24. Bb2 d4 25. Qf3 c3 26. Rb7 Qd5 27. Rxg7+
Kh8 28. Qg3 Nxe6 29. fxe6 cxb2 30. Qh4 Qxe6 31. Rg6 Rf8 32. Rgxf6 Rxf6 33. Rxf6
b1=Q+ 34. Rf1 0-1

[Event "Hoogeveen open"]
[Site "Hoogeveen, Netherlands"]
[Date "2008.10.21"]
[Round "5"]
[White "Archangelsky, Mikhail"]
[Black "Hoffman, Ron"]
[Result "1/2-1/2"]
[WhiteElo "2276"]
[BlackElo "2165"]
[PlyCount "86"]
[EventDate "2008.??.??"]

1. Nf3 g6 2. d4 Bg7 3. e4 d6 4. h3 Nd7 5. Nc3 a6 6. a4 b6 7. Be3 c5 8. d5 Ngf6
9. Bc4 O-O 10. O-O Ne5 11. Nxe5 dxe5 12. Qd2 Ne8 13. Rfe1 Nd6 14. Bf1 f5 15. f3
Qc7 16. Bf2 Bd7 17. Qe3 f4 18. Qd2 g5 19. Reb1 Bf6 20. b4 c4 21. a5 b5 22. Bb6
Qc8 23. Kf2 h5 24. Ke1 g4 25. hxg4 hxg4 26. Kd1 Kg7 27. Kc1 Rh8 28. Kb2 Qe8 29.
Be2 g3 30. Rh1 Rh2 31. Rhg1 Qh5 32. Raf1 Rh8 33. Qd1 Qe8 34. Ka3 Bc8 35. Qd2
Bb7 36. Rd1 R8h6 37. Ka2 Qh8 38. Ka3 Qb8 39. Ka2 Bg5 40. Ka3 Bc8 41. Ka2 Bd7
42. Ka3 Qh8 43. Ka2 Qb8 1/2-1/2

[Event "Hoogeveen open"]
[Site "Hoogeveen, Netherlands"]
[Date "2008.10.21"]
[Round "5"]
[White "Rooda, Kai"]
[Black "Potze, Rudolf"]
[Result "1/2-1/2"]
[WhiteElo "2141"]
[BlackElo "2105"]
[PlyCount "139"]
[EventDate "2008.??.??"]

1. d4 Nf6 2. Nf3 g6 3. g3 Bg7 4. Bg2 O-O 5. O-O d5 6. c4 c6 7. cxd5 cxd5 8. Nc3
e6 9. Bf4 a6 10. Rc1 Nc6 11. Ne5 Nxe5 12. Bxe5 Bh6 13. Bxf6 Qxf6 14. e3 Bd7 15.
Na4 Bb5 16. Re1 Rac8 17. Qb3 Qe7 18. Bf1 Bxa4 19. Qxa4 Rc7 20. Rc3 Rfc8 21.
Rec1 Rxc3 22. Rxc3 Rxc3 23. bxc3 Bf8 24. c4 dxc4 25. Qxc4 Qd6 26. a4 Qb4 27.
Qc2 Kg7 28. h4 h5 29. Bd3 Bd6 30. Kg2 Qa5 31. Be2 Be7 32. Qc4 Qb4 33. Qc7 Bd6
34. Qd7 Bf8 35. Bf3 b5 36. d5 e5 37. axb5 Qxb5 38. Qc7 Qc5 39. Qxe5+ Kg8 40.
Qb8 a5 41. Qa8 Kg7 42. Bd1 Bd6 43. Qc6 Qb4 44. Qa4 Qc5 45. Qe4 Qc7 46. Ba4 Kf6
47. Bc6 Kg7 48. Qd4+ Be5 49. Qc4 Bd6 50. Qc3+ Kg8 51. Qb3 Qe7 52. Qd3 Bb4 53.
e4 Qe5 54. Qf3 Bc5 55. Qf4 f6 56. Qxe5 fxe5 57. f4 Bd6 58. Kf3 Kf7 59. Ba4 Bc7
60. Bc2 Kf6 61. f5 gxf5 62. exf5 e4+ 63. Bxe4 Ke5 64. f6 Kxf6 65. Bc2 Ke5 66.
Bb3 Kf5 67. Ba4 Ke5 68. Bc6 Bd6 69. Be8 Kxd5 70. Bxh5 1/2-1/2

[Event "Hoogeveen open"]
[Site "Hoogeveen, Netherlands"]
[Date "2008.10.21"]
[Round "5"]
[White "Van der Velde, Wytse"]
[Black "Galje, Hans"]
[Result "1-0"]
[WhiteElo "1978"]
[BlackElo "2121"]
[PlyCount "65"]
[EventDate "2008.??.??"]

1. e4 e6 2. d4 d5 3. e5 c5 4. c3 Nc6 5. Nf3 Bd7 6. Be2 f6 7. O-O Qc7 8. Bf4
O-O-O 9. Qd2 Qb6 10. h4 h6 11. a3 c4 12. h5 Be8 13. Nh4 Nge7 14. exf6 gxf6 15.
Re1 Bg7 16. Bg4 f5 17. Bf3 Bf7 18. Qe2 Rde8 19. Nd2 Ng8 20. Ng6 Bxg6 21. hxg6
Nf6 22. Rab1 Ne4 23. Bxe4 fxe4 24. b3 Qa5 25. bxc4 Qxc3 26. cxd5 exd5 27. Rec1
Qxd4 28. Rxc6+ bxc6 29. Qg4+ Kd8 30. Rb8+ Ke7 31. Rb7+ Kf8 32. Qf5+ Bf6 33. g7+
1-0

[Event "Hoogeveen open"]
[Site "Hoogeveen"]
[Date "2008.??.??"]
[Round "6"]
[White "Nijboer, Friso"]
[Black "Haslinger, Stewart"]
[Result "1/2-1/2"]
[WhiteElo "2540"]
[BlackElo "2506"]
[PlyCount "42"]
[EventDate "2008.??.??"]

1. e4 e5 2. Nf3 d6 3. d4 exd4 4. Nxd4 Nf6 5. Nc3 Be7 6. Bf4 O-O 7. Qd2 d5 8.
Ndb5 Bb4 9. O-O-O c6 10. Nc7 Nxe4 11. Qd4 Bxc3 12. bxc3 Qe7 13. Rd3 Be6 14.
Nxa8 c5 {Diagram #} 15. Qe3 c4 16. Rd4 Qa3+ 17. Kd1 Nxc3+ 18. Kd2 Nb1+ 19. Kd1
Nc3+ 20. Kd2 Nb1+ 21. Kd1 Nc3+ 1/2-1/2

[Event "Hoogeveen open"]
[Site "Hoogeveen"]
[Date "2008.??.??"]
[Round "6"]
[White "Pavlovic, Milos"]
[Black "Naumkin, Igor"]
[Result "1/2-1/2"]
[WhiteElo "2524"]
[BlackElo "2506"]
[PlyCount "38"]
[EventDate "2008.??.??"]

1. d4 e6 2. Nf3 f5 3. e3 Nf6 4. Bd3 b6 5. O-O Bb7 6. c4 Be7 7. Nc3 O-O 8. b3
Qe8 9. Bb2 Kh8 10. Rc1 Qh5 11. d5 Na6 12. Be2 Qh6 13. Nb5 exd5 14. Nbd4 Ne4 15.
cxd5 Rae8 16. Bb5 Qd6 17. Bc4 Qh6 18. Bb5 Qd6 19. Bc4 Qh6 1/2-1/2

[Event "Hoogeveen open"]
[Site "Hoogeveen"]
[Date "2008.??.??"]
[Round "6"]
[White "Van der Wiel, John"]
[Black "Negi, Parimarjan"]
[Result "1/2-1/2"]
[WhiteElo "2501"]
[BlackElo "2597"]
[PlyCount "42"]
[EventDate "2008.??.??"]

1. e4 c5 2. Nc3 d6 3. Nge2 a6 4. g3 b5 5. Bg2 Bb7 6. O-O e6 7. d3 b4 8. Nb1 Nf6
9. a3 a5 10. axb4 axb4 11. Rxa8 Bxa8 12. Nd2 Nbd7 13. f4 Be7 14. h3 O-O 15. g4
Ne8 16. Ng3 Nc7 17. Nf3 d5 18. e5 d4 19. Qe2 f6 20. exf6 Nxf6 21. Ne5 Bd5
1/2-1/2

[Event "Hoogeveen open"]
[Site "Hoogeveen"]
[Date "2008.??.??"]
[Round "6"]
[White "Kempinski, Robert"]
[Black "Agamaliev, Gamil"]
[Result "0-1"]
[WhiteElo "2595"]
[BlackElo "2479"]
[PlyCount "80"]
[EventDate "2008.??.??"]

1. d4 Nf6 2. Nf3 g6 3. c4 Bg7 4. g3 O-O 5. Bg2 d6 6. O-O Nbd7 7. Nc3 e5 8. e4
exd4 9. Nxd4 Re8 10. h3 Nc5 11. Re1 h6 12. Rb1 Ne6 13. Nde2 a5 14. f3 Nd7 15.
b3 Nec5 16. Be3 f5 17. Qd2 fxe4 18. fxe4 Ne5 19. Rf1 Kh7 20. Rbd1 b6 21. Nf4
Bd7 22. Qc2 Rf8 23. Kh2 h5 24. Kh1 Qg5 25. Nce2 Rae8 26. Nd5 Qd8 27. Qd2 Rxf1+
28. Rxf1 Rf8 29. Rxf8 Qxf8 30. Nef4 Qd8 31. Qe2 c6 32. Nc3 h4 33. Qd2 hxg3 34.
Qxd6 Qh4 35. Qd1 Ng4 36. Bxc5 bxc5 37. Qxd7 Nf2+ 38. Kg1 Qxf4 39. Nd1 Kh6 40.
Qd8 Bd4 0-1

[Event "Hoogeveen open"]
[Site "Hoogeveen, Netherlands"]
[Date "2008.10.22"]
[Round "6"]
[White "Ikonnikov, Vyacheslav"]
[Black "Spoelman, Wouter"]
[Result "0-1"]
[WhiteElo "2571"]
[BlackElo "2459"]
[PlyCount "82"]
[EventDate "2008.??.??"]

1. d4 Nf6 2. Nf3 c5 3. d5 b5 4. Bg5 d6 5. Bxf6 exf6 6. e4 a6 7. a4 b4 8. Bd3 g6
9. a5 Bg7 10. c3 O-O 11. O-O Nd7 12. Qc2 Bb7 13. Bc4 Re8 14. Nbd2 Qc7 15. h3
Re7 16. Qd3 Bh6 17. Rfe1 Bc8 18. Nf1 Ne5 19. Nxe5 Rxe5 20. Ng3 Qe7 21. cxb4
cxb4 22. Qf1 Qa7 23. Kh1 Bf4 24. Ne2 Bd2 25. Red1 Bh6 26. Bd3 Bd7 27. f4 Re7
28. Qe1 Rae8 29. Qxb4 f5 30. Qb6 Qxb6 31. axb6 Rb8 32. exf5 Rxb6 33. f6 Re8 34.
Rxa6 Rxb2 35. Rxd6 Bf5 36. Bxf5 Rbxe2 37. Rd7 gxf5 38. g3 Bf8 39. d6 Re1+ 40.
Rxe1 Rxe1+ 41. Kg2 Re6 0-1

[Event "Hoogeveen open"]
[Site "Hoogeveen, Netherlands"]
[Date "2008.10.22"]
[Round "6"]
[White "Robson, Ray"]
[Black "Mekhitarian, Krikor Sevag"]
[Result "1/2-1/2"]
[WhiteElo "2466"]
[BlackElo "2511"]
[PlyCount "132"]
[EventDate "2008.??.??"]

1. e4 c5 2. Nf3 d6 3. d4 cxd4 4. Nxd4 Nf6 5. Nc3 Bd7 6. f3 e5 7. Nb3 Be7 8. Be3
O-O 9. Qd2 a5 10. a4 Na6 11. Bb5 Be6 12. O-O Nb4 13. Rfd1 d5 14. exd5 Nfxd5 15.
Bc5 b6 16. Nxd5 Nxd5 17. Bc6 Rc8 18. Bxd5 Bxc5+ 19. Nxc5 Bxd5 20. Qxd5 Qxd5 21.
Rxd5 Rxc5 22. Rxc5 bxc5 23. Rd1 Rb8 24. Rd5 Kf8 25. Rxe5 Rxb2 26. Rxc5 Ra2 27.
Rxa5 Rxc2 28. h4 Ra2 29. Ra7 h5 30. Kh2 g6 31. a5 Kg7 32. a6 Kf6 33. Kg3 Kg7
34. Ra8 Kf6 35. a7 Kg7 36. Kf4 Ra4+ 37. Ke5 Ra5+ 38. Ke4 Ra4+ 39. Kd5 Ra5+ 40.
Kc6 Ra1 41. Kd6 Rd1+ 42. Ke5 Re1+ 43. Kf4 Ra1 44. g4 Ra4+ 45. Kg3 hxg4 46. fxg4
Ra3+ 47. Kf4 Ra4+ 48. Ke5 Ra5+ 49. Kd4 Ra4+ 50. Kc5 Ra1 51. h5 gxh5 52. gxh5
Rc1+ 53. Kb4 Ra1 54. Kc3 Ra3+ 55. Kd4 Ra4+ 56. Ke5 Ra5+ 57. Kf4 Ra4+ 58. Ke3
Ra3+ 59. Kd4 Ra4+ 60. Kc5 Ra1 61. h6+ Kh7 62. Kd6 Rd1+ 63. Ke5 Re1+ 64. Kf6
Rf1+ 65. Ke7 Ra1 66. Kxf7 Rf1+ 1/2-1/2